<?xml version="1.0" encoding="UTF-8"?>
<record
    xmlns:xsi="http://www.w3.org/2001/XMLSchema-instance"
    xsi:schemaLocation="http://www.loc.gov/MARC21/slim http://www.loc.gov/standards/marcxml/schema/MARC21slim.xsd"
    xmlns="http://www.loc.gov/MARC21/slim">

  <leader>00783nam a2200241ua 4500</leader>
  <controlfield tag="003">CO-ViMGA</controlfield>
  <controlfield tag="005">20230915233131.0</controlfield>
  <controlfield tag="008">121207s2012    ck a    r     00010dspa d</controlfield>
  <datafield tag="020" ind1=" " ind2=" ">
    <subfield code="a">9789584614766</subfield>
  </datafield>
  <datafield tag="040" ind1=" " ind2=" ">
    <subfield code="a">CO-ViMGA</subfield>
    <subfield code="b">spa</subfield>
    <subfield code="c">CO-ViMGA</subfield>
  </datafield>
  <datafield tag="043" ind1=" " ind2=" ">
    <subfield code="a">s-ck---</subfield>
  </datafield>
  <datafield tag="082" ind1="0" ind2="4">
    <subfield code="a">158.1</subfield>
    <subfield code="2">21</subfield>
    <subfield code="b">L66s</subfield>
  </datafield>
  <datafield tag="100" ind1="1" ind2=" ">
    <subfield code="a">Londo&#xF1;o Zabala, Carlos Andr&#xE9;s, </subfield>
    <subfield code="d">1970-</subfield>
    <subfield code="9">3377</subfield>
  </datafield>
  <datafield tag="240" ind1="1" ind2="0">
    <subfield code="a">Valle del Cauca-Bibliograf&#xED;a regional</subfield>
  </datafield>
  <datafield tag="245" ind1="1" ind2="3">
    <subfield code="a">El sem&#xE1;foro de la vida : </subfield>
    <subfield code="b">introspecciones / </subfield>
    <subfield code="c">Carlos Andr&#xE9;s Londo&#xF1;o Zabala.</subfield>
  </datafield>
  <datafield tag="260" ind1=" " ind2=" ">
    <subfield code="a">Cali : </subfield>
    <subfield code="b">Impresora Feriva, </subfield>
    <subfield code="c">2012.</subfield>
  </datafield>
  <datafield tag="300" ind1=" " ind2=" ">
    <subfield code="a">215 p. : </subfield>
    <subfield code="b">il. ; </subfield>
    <subfield code="c">cm.</subfield>
  </datafield>
  <datafield tag="650" ind1="1" ind2="4">
    <subfield code="a">Meditaciones.</subfield>
    <subfield code="9">3380</subfield>
  </datafield>
  <datafield tag="650" ind1="1" ind2="4">
    <subfield code="a">Pensamientos y reflexiones.</subfield>
    <subfield code="9">3379</subfield>
  </datafield>
  <datafield tag="650" ind1="1" ind2="4">
    <subfield code="a">Vida cotidiana (Filosof&#xED;a)</subfield>
    <subfield code="9">3381</subfield>
  </datafield>
  <datafield tag="650" ind1=" " ind2="6">
    <subfield code="a">Positivismo.</subfield>
    <subfield code="9">3378</subfield>
  </datafield>
  <datafield tag="942" ind1=" " ind2=" ">
    <subfield code="2">ddc</subfield>
    <subfield code="c">BK</subfield>
  </datafield>
  <datafield tag="999" ind1=" " ind2=" ">
    <subfield code="c">35480</subfield>
    <subfield code="d">35480</subfield>
  </datafield>
  <datafield tag="952" ind1=" " ind2=" ">
    <subfield code="0">0</subfield>
    <subfield code="1">0</subfield>
    <subfield code="2">ddc</subfield>
    <subfield code="4">0</subfield>
    <subfield code="7">0</subfield>
    <subfield code="8">002</subfield>
    <subfield code="a">MEVIECAR</subfield>
    <subfield code="b">MEVIECAR</subfield>
    <subfield code="d">2016-05-02</subfield>
    <subfield code="l">2</subfield>
    <subfield code="m">1</subfield>
    <subfield code="o">158.1 L66s</subfield>
    <subfield code="p">30017</subfield>
    <subfield code="r">2018-07-18 00:00:00</subfield>
    <subfield code="s">2018-04-10</subfield>
    <subfield code="t">Ej. 1</subfield>
    <subfield code="w">2016-05-02</subfield>
    <subfield code="y">BK</subfield>
  </datafield>
</record>
